Disney trouver les personnages Disney par image - Statistiques

Statistiques générales
  • Ce quiz a été pris 169 fois
  • Le résultat moyen est 15 sur 16
Statistiques - réponses
Par images Réponse % Correct
Mickey
100%
Peter pan
100%
Stitch
100%
Dumbo
99%
Bambi
98%
Nemo
98%
Cendrillon
97%
Pinocchio
96%
Simba
96%
Wall e
95%
Winnie l'ourson
95%
Alice
92%
Woody
89%
Flash McQueen
88%
Ralph
85%
Jiminy Cricket
55%
Aucun quiz correspondant
Distribution des résultats
% des personnes avec chaque résultat
Percentile par nombre de réponses
Votre historique - résultats
Vous n’avez pas pris ce quiz